[Event "Porto Alegre op"]
[Site "Porto Alegre"]
[Date "2013.08.03"]
[Round "3"]
[White "Rosa, Dorli Ramses"]
[Black "Passos, Jorge Luiz Neves"]
[Result "0-1"]
[WhiteElo "1786"]
[BlackElo "2053"]
[PlyCount "152"]
[EventDate "2013.07.06"]
[EventType "swiss"]
[EventRounds "6"]
[EventCountry "BRA"]
[SourceTitle "EXT 2014"]
[Source "ChessBase"]
[SourceDate "2013.11.20"]
[SourceVersion "1"]
[SourceVersionDate "2013.11.20"]
[SourceQuality "1"]

1. e4 e5 2. Nf3 d6 3. d4 Nd7 4. Bc4 Be7 5. 0-0 c6 6. c3 Ngf6 7. Re1 0-0 8. Nbd2 h6 9. Nf1 b5 10. Bb3 Bb7 11. Ng3 c5 12. d5 Re8 13. Nf5 Bf8 14. h3 Kh7 15. Nh2 g6 16. Ng3 Bg7 17. Be3 Qc7 18. Qd2 Rf8 19. Kh1 Nxe4 20. Nxe4 f5 21. f3 fxe4 22. fxe4 Nf6 23. Bc2 Bc8 24. Rf1 Bd7 25. g4 Rf7 26. Rf2 Raf8 27. Raf1 a6 28. Rf3 Bc8 29. Qf2 Kg8 30. Qh4 g5 31. Qg3 Nh7 32. Kg2 Rxf3 33. Rxf3 Rxf3 34. Qxf3 Qf7 35. Bd1 Nf8 36. Qxf7+ Kxf7 37. a4 Bd7 38. axb5 axb5 39. b3 Ng6 40. Nf3 Nf4+ 41. Bxf4 exf4 42. c4 Bc3 43. Kf1 Kf6 44. Kg2 Ke7 45. cxb5 Bxb5 46. Bc2 Kf6 47. Kf2 Be8 48. h4 Bd7 49. hxg5+ hxg5 50. Nh2 Bd4+ 51. Kf3 Bg1 52. Nf1 Be3 53. Bd1 Bc1 54. Nh2 Ke5 55. Be2 Be8 56. Bd3 Bg6 57. Bc2 Bd2 58. Ke2 Bb4 59. Nf3+ Kf6 60. Kd3 Be8 61. Kc4 Bd7 62. Nh2 Be1 63. Bd1 Bc8 64. Kb5 Bd7+ 65. Kb6 Bg3 66. Nf1 Ke5 67. Bf3 Be1 68. Kc7 Bb5 69. Bg2 Ba5+ 70. Kb7 f3 71. Bxf3 Bxf1 72. Kc6 Bd3 73. Bg2 Be2 74. Bh1 Bd1 75. Kb5 Bb4 76. Kc4 Be2# 0-1

[Event "Porto Alegre op"]
[Site "Porto Alegre"]
[Date "2013.07.06"]
[Round "2"]
[White "Noronha, Natanael Muana C"]
[Black "Rosa, Dorli Ramses"]
[Result "1-0"]
[WhiteElo "1820"]
[BlackElo "1786"]
[PlyCount "69"]
[EventDate "2013.07.06"]
[EventType "swiss"]
[EventRounds "6"]
[EventCountry "BRA"]
[SourceTitle "EXT 2014"]
[Source "ChessBase"]
[SourceDate "2013.11.20"]
[SourceVersion "1"]
[SourceVersionDate "2013.11.20"]
[SourceQuality "1"]

1. d4 Nf6 2. c4 g6 3. Nc3 Bg7 4. Nf3 0-0 5. Bf4 d6 6. h3 c5 7. d5 Nh5 8. Bh2 f5 9. e3 Qa5 10. Qc2 Na6 11. Be2 Nb4 12. Qb3 Bd7 13. 0-0 Rab8 14. a3 Na6 15. Nd2 Nf6 16. Qc2 Qd8 17. f3 Nc7 18. e4 fxe4 19. fxe4 e5 20. dxe6 Bxe6 21. Qd3 Nfe8 22. Rxf8+ Bxf8 23. Nf3 Bg7 24. Rd1 Bf8 25. e5 Bf5 26. Qd2 Bg7 27. exd6 Ne6 28. d7 N8c7 29. Nd5 Be4 30. Nxc7 Nxc7 31. Qd6 Na6 32. Qe6+ Kh8 33. Qxe4 Ra8 34. Qxb7 Nb4 35. Qxa8 1-0

[Event "Porto Alegre op"]
[Site "Porto Alegre"]
[Date "2013.07.06"]
[Round "1"]
[White "Rosa, Dorli Ramses"]
[Black "Silva, Airton Dias Da"]
[Result "1-0"]
[WhiteElo "1786"]
[BlackElo "1742"]
[PlyCount "89"]
[EventDate "2013.07.06"]
[EventType "swiss"]
[EventRounds "6"]
[EventCountry "BRA"]
[SourceTitle "EXT 2014"]
[Source "ChessBase"]
[SourceDate "2013.11.20"]
[SourceVersion "1"]
[SourceVersionDate "2013.11.20"]
[SourceQuality "1"]

1. d4 Nf6 2. c4 e6 3. Nf3 d5 4. Bg5 Be7 5. e3 0-0 6. Bd3 h6 7. Bh4 Nc6 8. 0-0 Nb4 9. Be2 Ne4 10. Bxe7 Qxe7 11. a3 Nc6 12. cxd5 exd5 13. Nc3 Be6 14. Nxe4 dxe4 15. Nd2 Bd5 16. b4 Qg5 17. Qc2 Rfe8 18. b5 Ne7 19. Qxc7 Rac8 20. Qa5 Nf5 21. g3 Nxe3 22. fxe3 Qxe3+ 23. Rf2 Qxd4 24. Rd1 e3 25. Rf4 Qc5 26. Nf3 Be6 27. Qb4 Qc2 28. Nd4 Qa2 29. Re1 Bh3 30. Rh4 Bd7 31. a4 Re5 32. Rf4 g5 33. Rf6 Kg7 34. Qd6 Rd5 35. Rxf7+ Kxf7 36. Rf1+ Kg7 37. Qf6+ Kh7 38. Qf7+ Kh8 39. Qf6+ Kg8 40. Qg6+ Kh8 41. Qxh6+ Kg8 42. Qg6+ Kh8 43. Rf7 Rc1+ 44. Kg2 Qb1 45. Rh7# 1-0